000 00906cab a2200241 4500
001 ABS54354
008 090401t1996 xxu||||| |||| 00| 0 eng d
035 _a(Sirsi) u9941
041 _aeng
100 _aDavidson, M.
245 _aSafety net
260 _c1996
350 _a0
490 _aBuilding
_v261(7923) 12 January 1996, 36-37(2)
520 _aReviews software developed by WMB Building Software Solutions in association with Lewis and Hickey Project Management to help consultants and contractors cope with Construction (Design and Management) Regulations.
650 _aCONSTRUCTION (DESIGN AND MANAGEMENT) REGULATIONS 1994
650 _aCONSTRUCTION (DESIGN AND MANAGEMENT) REGULATIONS 1994
650 _aSOFTWARE PACKAGES
690 _aBUILT ENVIRONMENT-BUILDING STANDARDS
690 _aMANAGEMENT-BUSINESS MANAGEMENT-INFORMATION MANAGEMENT
942 _n0
948 _c04/03/1997
999 _c6254
_d6254